The third way : (Record no. 53023)
[ view plain ]
| 000 -LEADER | |
|---|---|
| campo de control de longitud fija | 01513cam a2200217 4500 |
| 001 - NÚMERO DE CONTROL | |
| campo de control | 2188 |
| 005 - FECHA Y HORA DE LA ÚLTIMA TRANSACCIÓN | |
| campo de control | 20230410120839.0 |
| 008 - DATOS DE LONGITUD FIJA--INFORMACIÓN GENERAL | |
| campo de control de longitud fija | 060907n1998 nyu eng |
| 020 ## - NÚMERO INTERNACIONAL ESTÁNDAR DEL LIBRO | |
| Número Internacional Estándar del Libro | 0745622666 |
| 035 ## - NÚMERO DE CONTROL DEL SISTEMA | |
| -- | funglode2196 |
| 041 ## - CÓDIGO DE IDIOMA | |
| Código de lengua del texto/banda sonora o título independiente | eng |
| 050 14 - SIGNATURA TOPOGRÁFICA DE LA BIBLIOTECA DEL CONGRESO | |
| Número de clasificación | HX 73 |
| Número de ítem | G453t 1998 |
| 100 1# - ENTRADA PRINCIPAL--NOMBRE DE PERSONA | |
| Nombre de persona | Giddens, Anthony |
| 245 14 - MENCIÓN DEL TÍTULO | |
| Título | The third way : |
| Resto del título | the renewal of social democracy / |
| Mención de responsabilidad, etc. | Anthony Giddens |
| 260 ## - PUBLICACIÓN, DISTRIBUCIÓN, ETC. | |
| Lugar de publicación, distribución, etc. | New York : |
| Nombre del editor, distribuidor, etc. | Polity Press, |
| Fecha de publicación, distribución, etc. | 1998 |
| 300 ## - DESCRIPCIÓN FÍSICA | |
| Extensión | x, 166 p. |
| 520 ## - RESUMEN, ETC. | |
| Sumario, etc. | Socialism and after, 1. -- The death of socialism, 3. -- Old - style social democracy, 8. -- The neoliberal outlook, 11. -- The doctines compared, 14. -- The recent of political support, 20. -- The fate of social democracy, 23. -- Five dilemmas, 27. -- Globalization, 28. -- Individualism, 34. -- Left and right, 37. -- Political agency, 46. -- Ecological issues, 54. -- Third way politics, 64. -- State and civil society, 69. -- Democratizing democracy, 70. -- The question of civil society, 78. -- Crime and community, 86. -- The democratic family, 89. -- The social investment state, 99. -- The meaning of equality, 101. -- Inclusion and exclusion, 104. -- A society of positive welfare, 111. -- Social investment strategies, 118. -- Into the global age, 129. -- The cosmopolitan nation, 130. -- Cultural pluralism, 133. -- Cosmopolitan democracy, 138. -- The european Union, 141. -- Global governance, 144. -- Market fundamentalism on a world scale, 147 |
| 650 #0 - PUNTO DE ACCESO ADICIONAL DE MATERIA--TÉRMINO DE MATERIA | |
| Término de materia o nombre geográfico como elemento de entrada | Post-communism. |
| 650 #0 - PUNTO DE ACCESO ADICIONAL DE MATERIA--TÉRMINO DE MATERIA | |
| Término de materia o nombre geográfico como elemento de entrada | Socialism. |
| 942 ## - ELEMENTOS DE ENTRADA SECUNDARIOS (KOHA) | |
| Fuente del sistema de clasificación o colocación | Clasificación de Library of Congress |
| Tipo de ítem Koha | |
| Estatus retirado | Estado de pérdida | Fuente del sistema de clasificación o colocación | Estado de daño | No para préstamo | Colección | Biblioteca de origen | Biblioteca actual | Ubicación en estantería | Fecha de adquisición | Serial enumeration / chronology | Signatura topográfica completa | Código de barras | Visto por última vez | Copia número | Tipo de ítem Koha |
|---|---|---|---|---|---|---|---|---|---|---|---|---|---|---|---|
| Clasificación de Library of Congress | Ciencias Sociales | Biblioteca Juan Bosch | Biblioteca Juan Bosch | Ciencias Sociales (3er. Piso) | 24/10/2018 | 1 | HX 73 G453t 1998 | 00000001804 | 24/10/2018 | 1 |
